| 000 | 00489nam a22001817a 4500 | ||
|---|---|---|---|
| 005 | 20251108164027.0 | ||
| 008 | 250721s1999 xx 000 0 ara d | ||
| 082 | 1 | 4 | _a216,5/طه |
| 100 | 1 | _aطه، أحمد عاهد أحمد | |
| 245 | 1 | 0 | _aالأربعين في نكاح المسلمين / |
| 264 | 1 |
_aعمان : _bدار القراء، _c1999. |
|
| 300 | _aج1. | ||
| 650 | 1 | 7 | _aالإسلام |
| 650 | 1 | 7 | _aالفقه |
| 650 | 1 | 7 | _aالزواج |
| 942 |
_2ddc _cBK |
||
| 999 |
_c1791 _d1791 |
||